[Event "Fagernes Norsk op-A"]
[Site "Fagernes"]
[Date "2011.04.23"]
[Round "9"]
[White "Thingstad, Anders"]
[Black "Welling, Gerard J"]
[Result "1/2-1/2"]
[WhiteElo "2014"]
[BlackElo "2321"]
[PlyCount "22"]
[EventDate "2011.04.17"]
[EventType "swiss"]
[EventRounds "9"]
[EventCountry "NOR"]
[SourceTitle "CBM 141 Extra"]
[Source "ChessBase"]
[SourceDate "2011.05.03"]
[SourceVersion "1"]
[SourceVersionDate "2011.05.03"]
[SourceQuality "1"]

1. d4 e6 2. c4 Bb4+ 3. Nc3 b6 4. e3 Bb7 5. Nge2 Nf6 6. a3 Bxc3+ 7. Nxc3 d5 8. cxd5 exd5 9. b4 0-0 10. Bd3 Nbd7 11. 0-0 c5 1/2-1/2

[Event "Fagernes Norsk op-A"]
[Site "Fagernes"]
[Date "2011.04.17"]
[Round "7"]
[White "Thingstad, Anders"]
[Black "Ofstad, Per"]
[Result "0-1"]
[WhiteElo "2014"]
[BlackElo "2194"]
[PlyCount "69"]
[EventDate "2011.04.17"]
[EventType "swiss"]
[EventRounds "9"]
[EventCountry "NOR"]
[SourceTitle "CBM 141 Extra"]
[Source "ChessBase"]
[SourceDate "2011.05.03"]
[SourceVersion "1"]
[SourceVersionDate "2011.05.03"]
[SourceQuality "1"]

1. d4 d5 2. c4 c6 3. Nf3 Nf6 4. Nc3 e6 5. e3 Nbd7 6. Qc2 Bd6 7. b3 0-0 8. Be2 b6 9. 0-0 Bb7 10. Bb2 Rc8 11. Rad1 Qe7 12. e4 dxe4 13. Nxe4 Nxe4 14. Qxe4 Nf6 15. Qh4 h6 16. Ne5 Nh7 17. Qxe7 Bxe7 18. f4 Rfd8 19. Bf3 Nf8 20. Be4 Rc7 21. Rf3 Bd6 22. Kf1 f6 23. Rfd3 Rdc8 24. c5 Bxe5 25. dxe5 f5 26. Bf3 Ba6 27. cxb6 axb6 28. Ba3 c5 29. Kf2 Bxd3 30. Rxd3 Ra7 31. Bc1 Rxa2+ 32. Kg3 b5 33. Rc3 c4 34. Be3 Ra3 35. Bd1 0-1

[Event "NOR-chT Clubs"]
[Site "Drammen"]
[Date "2010.10.09"]
[Round "4"]
[White "Thingstad, Anders"]
[Black "Bjerke, Silje"]
[Result "1-0"]
[WhiteElo "1962"]
[BlackElo "2185"]
[PlyCount "123"]
[EventDate "2010.10.08"]
[EventType "team"]
[EventRounds "6"]
[EventCountry "NOR"]
[SourceTitle "EXT 2015"]
[Source "ChessBase"]
[SourceDate "2014.11.20"]
[SourceVersion "1"]
[SourceVersionDate "2014.11.20"]
[SourceQuality "1"]
[WhiteTeam "Honefoss"]
[BlackTeam "Oslo SK 1911"]
[WhiteTeamCountry "NOR"]
[BlackTeamCountry "NOR"]

1. d4 Nf6 2. c4 g6 3. Nc3 d5 4. cxd5 Nxd5 5. e4 Nxc3 6. bxc3 Bg7 7. Nf3 c5 8. Rb1 0-0 9. Be2 b6 10. 0-0 Bb7 11. Qd3 Qc7 12. Rd1 Nd7 13. Qe3 cxd4 14. cxd4 Qc2 15. Nd2 Qxa2 16. Ba3 Qe6 17. Bc4 Qf6 18. Bb5 Rfd8 19. e5 Qe6 20. Bc4 Bd5 21. Bxd5 Qxd5 22. Bxe7 Re8 23. Bd6 Rac8 24. Nf3 Nf6 25. Qa3 Ne4 26. Bb4 Rc2 27. Be1 Ra2 28. Qd3 Bh6 29. Rb5 Qd7 30. Rb4 Ng5 31. Nxg5 Bxg5 32. Qb3 Ra5 33. d5 Rxe5 34. f4 Rexd5 35. Rxd5 Rxd5 36. fxg5 Rxg5 37. Qe3 Rd5 38. Re4 h5 39. Re7 Qd6 40. Rxa7 Qc5 41. Qxc5 bxc5 42. Ra8+ Kh7 43. Bc3 g5 44. Rc8 Kg6 45. Kf2 Kf5 46. Ke3 g4 47. Rc6 Kg5 48. Ke4 Rd1 49. Rxc5+ Kg6 50. Rf5 Rg1 51. Rf6+ Kg5 52. Rf2 Kg6 53. g3 Rh1 54. Rf6+ Kg5 55. Rd6 f6 56. Bxf6+ Kg6 57. Be5+ Kh7 58. Rd2 Kg6 59. Rd6+ Kh7 60. Kf4 Rxh2 61. Rd8 Rf2+ 62. Kg5 1-0

[Event "Mediterranean op 3rd"]
[Site "Rijeka"]
[Date "2009.12.02"]
[Round "6"]
[White "Gandrud, Vegar Koi"]
[Black "Thingstad, Anders"]
[Result "1-0"]
[WhiteElo "2143"]
[BlackElo "1914"]
[PlyCount "55"]
[EventDate "2009.11.27"]
[EventType "swiss"]
[EventRounds "9"]
[EventCountry "CRO"]
[SourceTitle "CBM 133 Extra"]
[Source "ChessBase"]
[SourceDate "2010.01.05"]
[SourceVersion "1"]
[SourceVersionDate "2010.01.05"]
[SourceQuality "1"]

1. d4 Nf6 2. c4 g6 3. Nc3 d5 4. h4 Bg7 5. h5 0-0 6. hxg6 fxg6 7. Nf3 c6 8. Qb3 Qb6 9. cxd5 Qxb3 10. axb3 cxd5 11. e4 dxe4 12. Bc4+ e6 13. Ng5 Re8 14. Nxe6 Bxe6 15. Bxe6+ Kh8 16. d5 Na6 17. Bg5 Nc5 18. Bf7 Nd3+ 19. Ke2 Ne5 20. Be6 Ned7 21. Rh4 Nf8 22. Rah1 h5 23. g4 Nxe6 24. dxe6 Rac8 25. gxh5 gxh5 26. Bxf6 Bxf6 27. Rxe4 h4 28. Nd5 1-0

[Event "Mediterranean op 3rd"]
[Site "Rijeka"]
[Date "2009.11.29"]
[Round "3"]
[White "Thingstad, Anders"]
[Black "Thingstad, Even"]
[Result "0-1"]
[WhiteElo "1914"]
[BlackElo "2139"]
[PlyCount "148"]
[EventDate "2009.11.27"]
[EventType "swiss"]
[EventRounds "9"]
[EventCountry "CRO"]
[SourceTitle "CBM 133 Extra"]
[Source "ChessBase"]
[SourceDate "2010.01.05"]
[SourceVersion "1"]
[SourceVersionDate "2010.01.05"]
[SourceQuality "1"]

1. d4 Nf6 2. c4 e6 3. Nc3 Bb4 4. e3 b6 5. Bd3 Bb7 6. Nf3 Ne4 7. Qc2 f5 8. 0-0 Bxc3 9. bxc3 0-0 10. Nd2 Qh4 11. f3 Nxd2 12. Bxd2 Nc6 13. e4 fxe4 14. fxe4 d6 15. Be3 Ba6 16. Qe2 Na5 17. d5 e5 18. h3 h6 19. Kh2 Rae8 20. Bf2 Qg5 21. Rab1 Qg6 22. Bh4 Bc8 23. Bc2 Bd7 24. Rxf8+ Rxf8 25. Rf1 Rxf1 26. Qxf1 Qe8 27. Bb3 g5 28. Be1 Qf7 29. Qe2 Kg7 30. Bc2 Be8 31. Bd2 Qh5 32. Qxh5 Bxh5 33. Bd3 Be8 34. Bc1 Bd7 35. Ba3 Kf6 36. Kg3 Bc8 37. Bb4 Nb7 38. Kf3 h5 39. Ba3 Bd7 40. g4 hxg4+ 41. hxg4 Ba4 42. Ke3 Nd8 43. Bc1 Nf7 44. Be2 Nh6 45. Kf2 Kg6 46. Bf3 Ng8 47. Ke3 Nf6 48. Kf2 Bd7 49. Kg3 Bc8 50. c5 dxc5 51. Bb2 Ba6 52. Kf2 Ne8 53. Be2 Bc8 54. Bf3 Bd7 55. Bc1 Ba4 56. Ke3 Bc2 57. Be2 Nd6 58. Bf3 Bb1 59. a3 Kf6 60. Bg2 a5 61. Bf3 Bc2 62. Bg2 a4 63. Bf3 b5 64. Bg2 Nc4+ 65. Ke2 b4 66. cxb4 cxb4 67. axb4 a3 68. Bxa3 Nxa3 69. Kd2 Ba4 70. Kc3 Bb5 71. Bf3 Ke7 72. Bd1 Nc4 73. Be2 Nd6 74. Bf3 Nc8 0-1

[Event "Mediterranean op 3rd"]
[Site "Rijeka"]
[Date "2009.11.27"]
[Round "1"]
[White "Thingstad, Anders"]
[Black "Lovik, Lasse Ostebo"]
[Result "0-1"]
[WhiteElo "1914"]
[BlackElo "2379"]
[PlyCount "86"]
[EventDate "2009.11.27"]
[EventType "swiss"]
[EventRounds "9"]
[EventCountry "CRO"]
[SourceTitle "CBM 133 Extra"]
[Source "ChessBase"]
[SourceDate "2010.01.05"]
[SourceVersion "1"]
[SourceVersionDate "2010.01.05"]
[SourceQuality "1"]

1. d4 d5 2. c4 e6 3. Nf3 Nf6 4. Nc3 c6 5. e3 Nbd7 6. Bd3 dxc4 7. Bxc4 b5 8. Bd3 a6 9. 0-0 c5 10. a4 b4 11. Ne4 Bb7 12. Ned2 Be7 13. Qe2 0-0 14. Rd1 Qc7 15. Nc4 Ne4 16. Nfd2 Nxd2 17. Bxd2 Nf6 18. Rac1 Rad8 19. a5 cxd4 20. exd4 Rxd4 21. Nb6 Qd6 22. Be3 Ng4 23. g3 Nxe3 24. fxe3 Bf3 25. Qf1 Bg5 26. Qxf3 Rxd3 27. Nc4 Qd5 28. Qxd5 Rxd5 29. Kf2 Rfd8 30. Ke2 Kf8 31. Rxd5 exd5 32. Ne5 Re8 33. h4 Rxe5 34. hxg5 d4 35. Rc6 Rxe3+ 36. Kf2 Rb3 37. Rxa6 Rxb2+ 38. Kf3 Ra2 39. Rb6 Rxa5 40. Rxb4 Rd5 41. Kf4 d3 42. Rb1 d2 43. Rd1 Ke7 0-1

[Event "Goch op 20th"]
[Site "Goch"]
[Date "2009.10.03"]
[Round "5"]
[White "Amarapala, Sherington"]
[Black "Thingstad, Anders"]
[Result "0-1"]
[WhiteElo "1190"]
[BlackElo "1882"]
[PlyCount "50"]
[EventDate "2009.10.01"]
[EventType "swiss"]
[EventRounds "7"]
[EventCountry "GER"]
[SourceTitle "EXT 2011"]
[Source "ChessBase"]
[SourceDate "2010.11.26"]
[SourceVersion "1"]
[SourceVersionDate "2010.11.26"]
[SourceQuality "1"]

1. e4 c6 2. d4 d5 3. exd5 cxd5 4. Nc3 Nf6 5. Nf3 e6 6. Bd3 Bb4 7. Bd2 Nc6 8. 0-0 0-0 9. Re1 Qb6 10. a3 Bd6 11. Rb1 Nxd4 12. Be3 Nxf3+ 13. Qxf3 Qd8 14. Rbd1 b6 15. Bf4 a6 16. h3 Bb7 17. Bxd6 Qxd6 18. Rd2 Qc7 19. Qe3 Rad8 20. Be2 e5 21. Qg3 d4 22. Na2 Ne4 23. Qd3 Nxd2 24. Qxd2 a5 25. Nc1 Rfe8 0-1

[Event "Goch op 20th"]
[Site "Goch"]
[Date "2009.10.02"]
[Round "2"]
[White "Thingstad, Anders"]
[Black "Tjoelsen, Katrine"]
[Result "0-1"]
[WhiteElo "1882"]
[BlackElo "2178"]
[PlyCount "68"]
[EventDate "2009.10.01"]
[EventType "swiss"]
[EventRounds "7"]
[EventCountry "GER"]
[SourceTitle "EXT 2011"]
[Source "ChessBase"]
[SourceDate "2010.11.26"]
[SourceVersion "1"]
[SourceVersionDate "2010.11.26"]
[SourceQuality "1"]

1. d4 f5 2. Bg5 g6 3. Nd2 Bg7 4. e4 fxe4 5. Nxe4 d5 6. Nc5 b6 7. Nb3 Nh6 8. h4 Nf7 9. Be3 c5 10. c3 c4 11. Nd2 0-0 12. Nh3 Nc6 13. h5 e5 14. hxg6 hxg6 15. Nf3 e4 16. Nfg5 Nd6 17. Be2 Nf5 18. Qd2 b5 19. 0-0-0 Qe7 20. g4 Nxe3 21. Qxe3 b4 22. f4 bxc3 23. Qxc3 Ba6 24. Nf2 Rxf4 25. Nfxe4 Rxe4 26. Nxe4 Qxe4 27. Qh3 Nb4 28. Qh7+ Kf7 29. Rhf1+ Ke6 30. Bd3 Nxd3+ 31. Kd2 Qg2+ 32. Ke3 Bxd4+ 33. Kxd4 Qe4+ 34. Kc3 d4+ 0-1

[Event "Oslo Sveins op 2nd"]
[Site "Oslo"]
[Date "2009.06.23"]
[Round "6"]
[White "Skage, Oystein Aagedal"]
[Black "Thingstad, Anders"]
[Result "1-0"]
[WhiteElo "1966"]
[BlackElo "1840"]
[PlyCount "57"]
[EventDate "2009.06.19"]
[EventType "swiss"]
[EventRounds "9"]
[EventCountry "NOR"]
[SourceTitle "CBM 130 Extra"]
[Source "ChessBase"]
[SourceDate "2009.07.02"]
[SourceVersion "2"]
[SourceVersionDate "2009.07.15"]
[SourceQuality "1"]

1. e4 c6 2. Nc3 d5 3. Nf3 Bg4 4. h3 Bh5 5. g4 dxe4 6. gxh5 exf3 7. Qxf3 e6 8. b3 Nd7 9. Bb2 h6 10. 0-0-0 Ngf6 11. d4 Qa5 12. Be2 0-0-0 13. Rhg1 Rg8 14. Kb1 Nb6 15. a4 Nfd5 16. Nxd5 Rxd5 17. c4 Rf5 18. Qe3 Rg5 19. d5 Bc5 20. Qd3 cxd5 21. h4 Rxg1 22. Rxg1 Bxf2 23. Rc1 Kb8 24. Be5+ Ka8 25. c5 Nd7 26. Bd6 Qb4 27. Qc2 Nb8 28. c6 Nxc6 29. Bxb4 1-0

[Event "Oslo Sveins op 2nd"]
[Site "Oslo"]
[Date "2009.06.19"]
[Round "1"]
[White "Akbarinia, Sayed Arash"]
[Black "Thingstad, Anders"]
[Result "1-0"]
[WhiteElo "2337"]
[BlackElo "1840"]
[PlyCount "99"]
[EventDate "2009.06.19"]
[EventType "swiss"]
[EventRounds "9"]
[EventCountry "NOR"]
[SourceTitle "CBM 130 Extra"]
[Source "ChessBase"]
[SourceDate "2009.07.02"]
[SourceVersion "2"]
[SourceVersionDate "2009.07.15"]
[SourceQuality "1"]

1. Nf3 Nf6 2. c4 g6 3. g3 Bg7 4. Bg2 0-0 5. 0-0 d5 6. cxd5 Nxd5 7. d4 Nc6 8. Nc3 Nb6 9. d5 Na5 10. e4 e6 11. Bg5 f6 12. Bf4 e5 13. Be3 Nac4 14. Bc5 Nd6 15. Nd2 Re8 16. Qe2 c6 17. dxc6 bxc6 18. Rfd1 Nb7 19. Nc4 Qc7 20. Nd6 Nxd6 21. Bxd6 Qf7 22. Rac1 Be6 23. b3 Rac8 24. Bc5 Bf8 25. Qe3 Bxc5 26. Qxc5 Qe7 27. Qxe7 Rxe7 28. Bf1 Kf7 29. f3 Rd7 30. Rxd7+ Bxd7 31. Kf2 Ke7 32. Ke3 Be6 33. Ba6 Rd8 34. Nb1 Rd6 35. Nd2 Bc8 36. Bxc8 Nxc8 37. Nc4 Re6 38. f4 exf4+ 39. gxf4 Nd6 40. Nxd6 Kxd6 41. h4 Re7 42. Rd1+ Ke6 43. Rd8 Rd7 44. Rc8 Kd6 45. Kd4 Re7 46. Rf8 c5+ 47. Kd3 Rd7 48. Kc4 Re7 49. Rxf6+ Kc7 50. e5 1-0

[Event "Oslo Sveins op 2nd"]
[Site "Oslo"]
[Date "2009.06.19"]
[Round "4"]
[White "Thingstad, Anders"]
[Black "Skrondal, Inge Sandstad"]
[Result "0-1"]
[WhiteElo "1840"]
[BlackElo "2204"]
[PlyCount "116"]
[EventDate "2009.06.19"]
[EventType "swiss"]
[EventRounds "9"]
[EventCountry "NOR"]
[SourceTitle "CBM 130 Extra"]
[Source "ChessBase"]
[SourceDate "2009.07.02"]
[SourceVersion "2"]
[SourceVersionDate "2009.07.15"]
[SourceQuality "1"]

1. d4 Nf6 2. c4 e5 3. dxe5 Ne4 4. Nf3 Nc6 5. Nbd2 Nc5 6. g3 b6 7. Bg2 Bb7 8. 0-0 Qe7 9. a3 a5 10. b3 g6 11. Bb2 Bg7 12. Qc2 0-0 13. Ne4 Nxe4 14. Qxe4 d6 15. Nd4 Nxd4 16. Qxd4 Bxe5 17. Qd2 Bxg2 18. Kxg2 a4 19. Bxe5 Qxe5 20. b4 Rfe8 21. e3 Qe4+ 22. Kg1 Re5 23. Rad1 Rae8 24. Qc3 Rh5 25. Rd2 Qf3 26. Qd3 Rhe5 27. Qe2 Qf5 28. Rfd1 h5 29. Rd5 h4 30. Rxe5 Rxe5 31. Rd4 Re4 32. gxh4 Rxd4 33. exd4 Qf4 34. Qe8+ Kg7 35. Qxa4 Qc1+ 36. Kg2 Qxc4 37. Qd1 Qc3 38. d5 Qxa3 39. Qd4+ Kg8 40. Qc4 Qb2 41. Kg3 Kg7 42. Kf3 Qe5 43. h3 Qf5+ 44. Kg3 Qe5+ 45. Kf3 Kg8 46. Kg2 Qb2 47. Kf3 Kf8 48. Qe4 Qc3+ 49. Kg2 b5 50. f3 Kg7 51. Kf2 Qe5 52. Ke3 f5 53. Qxe5+ dxe5 54. f4 e4 55. h5 gxh5 56. h4 Kf6 57. Kd2 Ke7 58. Kc3 Kd7 0-1

[Event "Oslo ASKO op"]
[Site "Oslo"]
[Date "2009.01.23"]
[Round "4"]
[White "Getz, Nicolai"]
[Black "Thingstad, Anders"]
[Result "1/2-1/2"]
[WhiteElo "2190"]
[BlackElo "1809"]
[PlyCount "61"]
[EventDate "2009.01.23"]
[EventType "swiss"]
[EventRounds "5"]
[EventCountry "NOR"]
[SourceTitle "EXT 2011"]
[Source "ChessBase"]
[SourceDate "2010.11.26"]
[SourceVersion "1"]
[SourceVersionDate "2010.11.26"]
[SourceQuality "1"]

1. e4 c6 2. d4 d5 3. f3 dxe4 4. fxe4 e5 5. Nf3 Bg4 6. Bc4 Nd7 7. 0-0 Ngf6 8. c3 Bd6 9. Qb3 0-0 10. Bg5 Qc7 11. Bxf6 Nxf6 12. dxe5 Bc5+ 13. Kh1 Nxe4 14. Qc2 Bf5 15. Qe2 Qb6 16. Nh4 Be6 17. Qxe4 Qxb2 18. Nd2 Qxd2 19. Bxe6 fxe6 20. Qc4 Qh6 21. Nf5 Qg6 22. Nxg7 Qxg7 23. Qxc5 Rxf1+ 24. Rxf1 Rf8 25. Rd1 Qg4 26. Qd6 Qc4 27. h3 Rf1+ 28. Rxf1 Qxf1+ 29. Kh2 Qf4+ 30. Kg1 Qc1+ 31. Kh2 1/2-1/2

[Event "Oslo ASKO op"]
[Site "Oslo"]
[Date "2009.01.23"]
[Round "5"]
[White "Leite, Steinar"]
[Black "Thingstad, Anders"]
[Result "0-1"]
[WhiteElo "1165"]
[BlackElo "1809"]
[PlyCount "44"]
[EventDate "2009.01.23"]
[EventType "swiss"]
[EventRounds "5"]
[EventCountry "NOR"]
[SourceTitle "EXT 2011"]
[Source "ChessBase"]
[SourceDate "2010.11.26"]
[SourceVersion "1"]
[SourceVersionDate "2010.11.26"]
[SourceQuality "1"]

1. Nf3 Nf6 2. d4 g6 3. Bf4 Bg7 4. e3 0-0 5. h3 c5 6. c3 cxd4 7. exd4 d5 8. Be2 Nbd7 9. Ne5 Ne4 10. Nxd7 Bxd7 11. 0-0 a5 12. f3 Nd6 13. b3 Qb6 14. Kh1 Rfc8 15. Qd2 a4 16. bxa4 Rxa4 17. Bd1 Raa8 18. Qe3 Qb2 19. Bb3 Nf5 20. Qd3 Qxa1 21. Kh2 Nd6 22. Rf2 Bf5 0-1

[Event "Oslo ASKO op"]
[Site "Oslo"]
[Date "2009.01.23"]
[Round "1"]
[White "Thingstad, Anders"]
[Black "Gholami, Armin"]
[Result "1-0"]
[WhiteElo "1809"]
[BlackElo "951"]
[PlyCount "139"]
[EventDate "2009.01.23"]
[EventType "swiss"]
[EventRounds "5"]
[EventCountry "NOR"]
[SourceTitle "EXT 2011"]
[Source "ChessBase"]
[SourceDate "2010.11.26"]
[SourceVersion "1"]
[SourceVersionDate "2010.11.26"]
[SourceQuality "1"]

1. d4 d5 2. c4 e6 3. Nc3 Nf6 4. Nf3 Be7 5. Bg5 0-0 6. e3 Nbd7 7. Rc1 h6 8. Bh4 c6 9. Bd3 Qa5 10. 0-0 Re8 11. Qe2 a6 12. Bb1 Qb4 13. cxd5 cxd5 14. e4 dxe4 15. Nxe4 Nxe4 16. Qxe4 Bxh4 17. Nxh4 Nf6 18. Qe5 Qxb2 19. Rc2 Qb6 20. Rc3 Bd7 21. Rg3 Kf8 22. Rb3 Qc6 23. Nf3 b5 24. Qe3 Rac8 25. Ne5 Qc7 26. Qf4 Re7 27. Rb2 Nd5 28. Ng6+ Ke8 29. Qxc7 Rxc7 30. Nxe7 Kxe7 31. Rc2 Rb7 32. Rc5 Nf4 33. Re1 b4 34. g3 Nh3+ 35. Kg2 Ng5 36. h4 Nh7 37. Bxh7 g6 38. h5 gxh5 39. Rxh5 Bc6+ 40. Be4 Bxe4+ 41. Rxe4 Kd6 42. Ra5 Rb6 43. Rh4 b3 44. axb3 Rxb3 45. Rxa6+ Kd5 46. Ra5+ Kc4 47. d5+ Kc3 48. dxe6 fxe6 49. Rxh6 Rb6 50. Re5 Kd4 51. Rhxe6 Rb7 52. g4 Rg7 53. g5 Kc4 54. g6 Kd4 55. Rf5 Rg8 56. Rf7 Kd5 57. Ra6 Ke5 58. g7 Kd5 59. Raa7 Ke6 60. Rf8 Rxg7+ 61. Rxg7 Ke5 62. Re7+ Kd6 63. Re1 Kd7 64. Rf3 Kd6 65. Rd3+ Kc5 66. Rc1+ Kb4 67. Rd8 Kb3 68. Rb8+ Ka2 69. Rc5 Ka3 70. Ra5# 1-0

[Event "Oslo Johannessen Memorial"]
[Site "Oslo"]
[Date "2008.06.29"]
[Round "4"]
[White "Thingstad, Anders"]
[Black "Johnsen, Sylvia"]
[Result "1/2-1/2"]
[WhiteElo "1810"]
[BlackElo "2043"]
[PlyCount "43"]
[EventDate "2008.06.27"]
[EventType "swiss"]
[EventRounds "9"]
[EventCountry "NOR"]
[SourceTitle "CBM 125 Extra"]
[Source "ChessBase"]
[SourceDate "2008.09.01"]
[SourceVersion "1"]
[SourceVersionDate "2008.09.01"]
[SourceQuality "1"]

1. d4 d5 2. c4 e6 3. Nc3 Nf6 4. Nf3 Be7 5. Bg5 Nbd7 6. e3 h6 7. Bh4 0-0 8. Rc1 b6 9. Bd3 dxc4 10. Bxc4 Bb7 11. 0-0 Rc8 12. Qe2 Ne4 13. Bxe7 Nxc3 14. Rxc3 Qxe7 15. Ba6 Bxa6 16. Qxa6 c5 17. Qxa7 Ra8 18. Qc7 Rfc8 19. Qb7 Rcb8 20. Qc7 Rc8 21. Qb7 Rcb8 22. Qc7 1/2-1/2

[Event "Oslo Johannessen Memorial"]
[Site "Oslo"]
[Date "2008.06.27"]
[Round "1"]
[White "Ferkingstad, Sjur"]
[Black "Thingstad, Anders"]
[Result "1-0"]
[WhiteElo "2237"]
[BlackElo "1810"]
[PlyCount "55"]
[EventDate "2008.06.27"]
[EventType "swiss"]
[EventRounds "9"]
[EventCountry "NOR"]
[SourceTitle "CBM 125 Extra"]
[Source "ChessBase"]
[SourceDate "2008.09.01"]
[SourceVersion "1"]
[SourceVersionDate "2008.09.01"]
[SourceQuality "1"]

1. e4 c6 2. d4 d5 3. exd5 cxd5 4. c4 Nf6 5. Nf3 e6 6. Nc3 Be7 7. cxd5 Nxd5 8. Bd3 Nc6 9. 0-0 0-0 10. a3 b6 11. Qc2 h6 12. Nxd5 Bb7 13. Nxe7+ Nxe7 14. Be3 Nd5 15. Qd2 Nxe3 16. fxe3 Rc8 17. Rac1 Qe7 18. Rxc8 Bxc8 19. Bb1 Ba6 20. Rc1 Qd6 21. Qc2 f5 22. Qc6 Qxc6 23. Rxc6 Re8 24. Ba2 Kf7 25. Ne5+ Kf6 26. Rc7 Re7 27. Nd7+ Kg5 28. Nf8 1-0

[Event "NOR-chT Clubs"]
[Site "Oslo"]
[Date "2008.05.02"]
[Round "2"]
[White "Thingstad, Anders"]
[Black "Nilsen, Joachim Birger"]
[Result "1/2-1/2"]
[WhiteElo "1680"]
[BlackElo "1976"]
[PlyCount "82"]
[EventDate "2008.05.01"]
[EventType "team-swiss"]
[EventRounds "6"]
[EventCountry "NOR"]
[SourceTitle "EXT 2010"]
[Source "ChessBase"]
[SourceDate "2010.11.25"]
[SourceVersion "1"]
[SourceVersionDate "2010.11.25"]
[SourceQuality "1"]

1. d4 Nf6 2. c4 Nc6 3. Nf3 e6 4. Nc3 Bb4 5. Bg5 Bxc3+ 6. bxc3 d6 7. e3 e5 8. Be2 0-0 9. 0-0 Qe7 10. Nd2 h6 11. Bh4 g5 12. Bg3 Ne8 13. Kh1 Ng7 14. f3 f5 15. Bf2 Bd7 16. e4 f4 17. Qb3 b6 18. c5+ Kh7 19. cxd6 Qxd6 20. Nc4 Qg6 21. d5 Na5 22. Nxe5 Qe8 23. Nxd7 Nxb3 24. Nxf8+ Qxf8 25. axb3 Ne8 26. Rfe1 a5 27. e5 h5 28. Bd3+ Kh6 29. e6 Qe7 30. Re5 Nd6 31. c4 Rb8 32. Rae1 Rb7 33. Bc2 Rb8 34. c5 bxc5 35. Bxc5 Re8 36. h3 Rf8 37. Bd3 g4 38. Bf5 gxf3 39. gxf3 Rxf5 40. Bxd6 cxd6 41. Rxf5 Qh4 1/2-1/2

[Event "EU-ch U12 17th"]
[Site "Sibenik"]
[Date "2007.09.14"]
[Round "1"]
[White "Nikologorskiy, Konstantin"]
[Black "Thingstad, Anders"]
[Result "1-0"]
[WhiteElo "2084"]
[BlackElo "1759"]
[PlyCount "107"]
[EventDate "2007.09.14"]
[EventType "swiss"]
[EventRounds "9"]
[EventCountry "CRO"]
[SourceTitle "CBM 120 Extra"]
[Source "ChessBase"]
[SourceDate "2007.11.01"]
[SourceVersion "1"]
[SourceVersionDate "2007.11.01"]
[SourceQuality "1"]

1. c4 Nf6 2. Nc3 g6 3. g3 Bg7 4. Bg2 0-0 5. e4 c5 6. Nge2 Nc6 7. 0-0 d6 8. d3 e5 9. h3 Ne8 10. Be3 f5 11. Qd2 Be6 12. exf5 Bxf5 13. g4 Be6 14. Ne4 Nf6 15. N2g3 Nxe4 16. Nxe4 Qc7 17. f4 Nd4 18. Rae1 Rae8 19. Bxd4 exd4 20. Ng5 Bd7 21. Bd5+ Kh8 22. Nf7+ Rxf7 23. Bxf7 Rf8 24. Bd5 Bc6 25. Qg2 Bh6 26. g5 Bg7 27. Bxc6 bxc6 28. Re6 Qd7 29. Rfe1 Rxf4 30. Re7 Qf5 31. Re8+ Bf8 32. Rf1 Qf7 33. Ra8 Rf5 34. Re1 Re5 35. Rxe5 dxe5 36. Qxc6 Qf4 37. Qf6+ Qxf6 38. gxf6 Kg8 39. Rxa7 h6 40. a4 g5 41. Ra8 Kf7 42. Rxf8+ Kxf8 43. a5 Kf7 44. a6 e4 45. a7 exd3 46. Kf1 d2 47. Ke2 Kxf6 48. a8Q Ke5 49. Kxd2 Kf4 50. Qg2 h5 51. Qf2+ Ke4 52. Qg3 g4 53. hxg4 hxg4 54. Qxg4+ 1-0

[Event "Gausdal Classics Elo op"]
[Site "Gausdal"]
[Date "2007.04.25"]
[Round "8"]
[White "Thingstad, Anders"]
[Black "Carlsen, Ingrid Oen"]
[Result "1-0"]
[WhiteElo "1580"]
[BlackElo "907"]
[PlyCount "85"]
[EventDate "2007.04.18"]
[EventType "swiss"]
[EventRounds "9"]
[EventCountry "NOR"]
[SourceTitle "EXT 2008"]
[Source "ChessBase"]
[SourceDate "2007.11.25"]
[SourceVersion "1"]
[SourceVersionDate "2007.11.25"]
[SourceQuality "1"]

1. d4 Nf6 2. Nf3 g6 3. c4 Bg7 4. Nc3 0-0 5. e4 d6 6. Be2 Nbd7 7. 0-0 Re8 8. Bg5 e5 9. d5 Nb6 10. b4 Bg4 11. Nd2 Bxe2 12. Qxe2 Qd7 13. Qf3 Qe7 14. Rac1 Nbd7 15. Nb5 Rec8 16. Qe3 c5 17. dxc6 bxc6 18. Nc3 a6 19. Nb3 Qe6 20. Rfd1 Rcb8 21. c5 d5 22. exd5 cxd5 23. Qd3 d4 24. Ne4 Qc6 25. Nxf6+ Nxf6 26. Bxf6 Bxf6 27. a3 Rc8 28. Na5 Qb5 29. Nc4 Be7 30. Nb6 Qxd3 31. Rxd3 Rab8 32. Nxc8 Rxc8 33. f3 Rc6 34. Re1 Bf6 35. g3 Bg7 36. a4 a5 37. b5 Rxc5 38. b6 Rc8 39. b7 Rb8 40. Rb3 d3 41. Rd1 f5 42. Rdxd3 g5 43. Rdc3 1-0

[Event "Gausdal Classics Elo op"]
[Site "Gausdal"]
[Date "2007.04.18"]
[Round "1"]
[White "Sjol, Henrik"]
[Black "Thingstad, Anders"]
[Result "1/2-1/2"]
[WhiteElo "1699"]
[BlackElo "1580"]
[PlyCount "38"]
[EventDate "2007.04.18"]
[EventType "swiss"]
[EventRounds "9"]
[EventCountry "NOR"]
[SourceTitle "EXT 2008"]
[Source "ChessBase"]
[SourceDate "2007.11.25"]
[SourceVersion "1"]
[SourceVersionDate "2007.11.25"]
[SourceQuality "1"]

1. c4 Nf6 2. g3 g6 3. Bg2 Bg7 4. Nc3 c5 5. Nf3 0-0 6. d4 cxd4 7. Nxd4 Nc6 8. Nc2 d6 9. 0-0 Ne5 10. Ne3 Nfg4 11. Ncd5 Nxe3 12. Nxe3 Rb8 13. Rb1 b5 14. cxb5 Rxb5 15. Bd2 Be6 16. b3 Rb8 17. Nd5 Bxd5 18. Bxd5 Qd7 19. Bf4 Rfc8 1/2-1/2